LEADER 01760nam 2200553Ia 450 001 9910465119003321 005 20200520144314.0 010 $a1-61122-497-7 035 $a(CKB)2560000000068010 035 $a(EBL)3018711 035 $a(SSID)ssj0000426399 035 $a(PQKBManifestationID)11299686 035 $a(PQKBTitleCode)TC0000426399 035 $a(PQKBWorkID)10389821 035 $a(PQKB)11504584 035 $a(MiAaPQ)EBC3018711 035 $a(Au-PeEL)EBL3018711 035 $a(CaPaEBR)ebr10661649 035 $a(OCoLC)670430078 035 $a(EXLCZ)992560000000068010 100 $a20100125d2010 uy 0 101 0 $aeng 135 $aur|n|---||||| 181 $ctxt 182 $cc 183 $acr 200 00$aPsychology of risk perception$b[electronic resource] /$fJoana G. Lavino and Rasmus B. Neumann, editors 210 $aNew York $cNova Science Publishers$dc2010 215 $a1 online resource (219 p.) 225 1 $aPsychology of emotions, motivations and actions series 300 $aDescription based upon print version of record. 311 $a1-60876-960-7 320 $aIncludes bibliographical references and index. 410 0$aPsychology of emotions, motivations, and actions series. 606 $aRisk perception$xSocial aspects 606 $aRisk-taking (Psychology) 608 $aElectronic books. 615 0$aRisk perception$xSocial aspects. 615 0$aRisk-taking (Psychology) 676 $a302/.12 701 $aLavino$b Joana G$0917470 701 $aNeumann$b Rasmus B$0917471 801 0$bMiAaPQ 801 1$bMiAaPQ 801 2$bMiAaPQ 906 $aBOOK 912 $a9910465119003321 996 $aPsychology of risk perception$92057119 997 $aUNINA LEADER 00829nam0-22002651i-450 001 990004918620403321 005 20230705104832.0 035 $a000491862 035 $aFED01000491862 035 $a(Aleph)000491862FED01 100 $a19990530g19529999km-y0itay50------ba 101 0 $aeng 102 $aGB 105 $ay-------001yy 200 1 $a<>group of Noble Dames$eThe first countess of Wessex - Barbara of the house of Grebe - The Marchioness of Stonehenge...$fby Thomas Hardy 210 $aLondon$cMacMillan & Co.$d1952 215 $aVIII, 235 p.$d22 cm 700 1$aHardy,$bThomas$f<1840-1928>$0142510 801 0$aIT$bUNINA$gRICA$2UNIMARC 901 $aBK 912 $a990004918620403321 952 $aQ 208 18$bFil. Mod. 6502$fFLFBC 959 $aFLFBC 996 $aGroup of noble dames ..$9223482 997 $aUNINA